000 00707cam a22002174a 4500
020 _a1586841556 (paper back : alk. paper)
040 _cDLC
082 0 0 _a296 GLO 2001 C154 Or.
245 0 4 _aThe 2001 Mathers lecture, the 2001 Rosen lecture, and other Queen's University essays in the study of Judaism /
246 3 0 _aTwo thousand and one Mathers lecture
246 3 0 _a2001 Rosen lecture
260 _aBinghamton, N.Y. :
_bGlobal Publications,
_c2001.
300 _aix, 132 p. ;
_c21 cm.
650 0 _aJudaism
650 0 _aJudaism
650 0 _aChristianity and other religions
650 0 _aRabbinical literature
700 1 _aNeusner, Jacob,
700 1 _aAkenson, Donald H.
942 _cAEDBB
999 _c18934
_d18934